000 00510nam a2200193 a 4500
001 1770282761198
003 YourLibrary
005 20260205144419.0
008 260205s2003##################000#0#eng##
020 _a9780805848311
082 0 4 _a302.2315241
_bGAL
100 1 _aGalician, Mary-Lou,
_eauthor.
245 1 0 _aSex, Love and Romance in the Mass Media :
260 _bRoutledge,
_c2003.
300 _a316 pages
650 0 _aFiction.
942 _cENGLISH
040 _aYourLibrary
_beng
_cYourLibrary
999 _c610256
_d610256